000 00223nam a22000857a 4500
008 170210b xxu||||| |||| 00| 0 eng d
100 _92860
_aGupta. S. P
245 _aWork Book Social
260 _aNew Delhi
_bArya Publication
_c2008
999 _c6080
_d6080